| 000 | 00596nam a2200217Ia 4500 | ||
|---|---|---|---|
| 003 | IN-BaIIA | ||
| 008 | 211028s9999 xx 000 0 eng d | ||
| 020 | _a978-1-4398-0858-0 | ||
| 040 | _cIIA Library | ||
| 080 |
_a535 _bTYS |
||
| 100 |
_aTyson, Robert _935549 |
||
| 245 | 0 |
_aPrinciples of adaptive optics _cRobert Tyson |
|
| 250 | _a3rd ed. | ||
| 260 |
_aBoca Raton _bCRC Press _c2011 |
||
| 300 | _axv, 299p. | ||
| 490 | _aSeries in optics and optoelectronics | ||
| 650 | _aAdaptive optics | ||
| 650 |
_aWavefront correction _933588 |
||
| 650 |
_aWavefront sensing _926374 |
||
| 942 | _cBK | ||
| 999 |
_c18504 _d18504 |
||